[Event "Rilton Cup 2013-14"]
[Site "Stockholm SWE"]
[Date "2013.12.27"]
[Round "1.21"]
[White "Soderberg,P"]
[Black "Eggleston,D"]
[Result "1/2-1/2"]
[WhiteElo "2183"]
[BlackElo "2434"]

1.e4 c5 2.Nf3 d6 3.Bb5+ Nd7 4.O-O Nf6 5.Re1 a6 6.Bf1 e6 7.c3 Be7 8.d4 cxd4
9.cxd4 d5 10.e5 Ne4 11.Nc3 Nxc3 12.bxc3 Nb6 13.Qb3 Qc7 14.a4 Bd7 15.a5 Nc4
16.Bxc4 dxc4 17.Qc2 Bc6 18.Nd2 Rd8 19.Ba3 Bxa3 20.Rxa3 O-O 21.Re3 f5 22.exf6 Rxf6
23.Re5 Rg6 24.f3 Rf8 25.Kh1 Qf7 26.Ra1 Qf4 27.Rf1 Rh6 28.h3 Rff6 29.Ne4 Rfg6
30.Qc1 Qh4 31.Qd2 Bd5 32.Ra1 Bxe4 33.Rxe4 Qg3 34.Rf4 Rg5 35.Rg4 Rxg4 36.fxg4 Rf6
37.Qe1 Qd6 38.Qe2 Qd5 39.Ra4 Qg5 40.Qxc4 Qc1+ 41.Kh2 Qf4+ 42.Kh1 h5 43.gxh5 Qc1+
44.Kh2 Qe1 45.Qc8+ Kh7 46.Qe8 Qxc3 47.Qe7 Qd2 48.d5 Qxd5 49.Rg4 Qe5+ 50.Kg1 Rf5
51.Qxb7 Qa1+ 52.Kh2 Qe5+ 53.Kg1 Qc5+ 54.Kh2 Qe5+  1/2-1/2

[Event "30th Boeblinger Open 2013"]
[Site "Boeblingen GER"]
[Date "2013.12.28"]
[Round "4.1"]
[White "Schmitz,Th"]
[Black "Gschnitzer,O"]
[Result "1-0"]
[WhiteElo "2302"]
[BlackElo "2426"]

1.e4 c5 2.Nf3 d6 3.Bb5+ Nc6 4.O-O Bd7 5.Re1 Nf6 6.c3 a6 7.Bf1 Bg4 8.h3 Bxf3
9.Qxf3 g6 10.Qd1 Bh6 11.Na3 e5 12.Nc2 O-O 13.d3 Bxc1 14.Rxc1 d5 15.exd5 Qxd5
16.Ne3 Qd7 17.Nc4 Qc7 18.a4 Rfe8 19.Qb3 Rab8 20.Qb6 Qxb6 21.Nxb6 Rbd8 22.g3 Nd5
23.Nc4 f6 24.Ra1 Kf8 25.a5 Re7 26.Nd2 Rc7 27.Ne4 Nb8 28.Ra4 Kg7 29.h4 Nd7
30.Bh3 f5 31.Ng5 Re8 32.Nf3 N5f6 33.Nd2 Kf7 34.Nc4 Re6 35.Bg2 Ke7 36.Re2 e4
37.dxe4 Nxe4 38.Bxe4 fxe4 39.Nd2 Nf6 40.Rc4 Kd7 41.Nxe4 Nxe4 42.Rcxe4 Rxe4
43.Rxe4 c4 44.f4 Rc5 45.Kf2 Rb5 46.Rd4+ Ke6 47.Rxc4 Rxb2+ 48.Ke3 h5 49.Rc5 Rb1
50.Rg5 Kf6 51.Kd4 Ra1 52.Kc4 Ra4+ 53.Kb3 Ra1 54.Kb4 Ra2 55.c4 Rb2+ 56.Kc5 Rb3
57.Kd6 Rb4 58.Kc7 Rb3 59.Kd7 Rd3+ 60.Kc8 Rb3 61.Kc7 Rb4 62.f5 gxf5 63.Rxh5 b5
64.axb6 Rxc4+ 65.Kb7 a5 66.Ka6 a4 67.b7 Rb4 68.Rh6+  1-0

[Event "51st Groningen Open A 2013"]
[Site "Groningen NED"]
[Date "2013.12.28"]
[Round "7.12"]
[White "Hendriks,W"]
[Black "Spoelman,W"]
[Result "0-1"]
[WhiteElo "2396"]
[BlackElo "2585"]

1.e4 c5 2.Nf3 d6 3.Bb5+ Nd7 4.d4 cxd4 5.Qxd4 a6 6.Bxd7+ Bxd7 7.O-O Rc8 8.Nc3 e5
9.Qb4 Bc6 10.Be3 Qd7 11.Rad1 b5 12.Rfe1 Qb7 13.Nd2 Be7 14.Nb3 d5 15.Bc5 d4
16.Nd5 Bxd5 17.exd5 Rxc5 18.Nxc5 Qxd5 19.Qa3 Qxc5 20.Qxa6 Nf6 21.b4 Qd5 22.Qa7 Nd7
23.c3 O-O 24.cxd4 e4 25.f3 f5 26.a3 Bd6 27.fxe4 fxe4 28.g3 Nf6 29.Re2 Ra8
30.Qb6 Nd7  0-1

[Event "Cracovia Open A 2013-14"]
[Site "Krakow POL"]
[Date "2013.12.28"]
[Round "2.15"]
[White "Warakomski,T"]
[Black "Mucha,R"]
[Result "1-0"]
[WhiteElo "2499"]
[BlackElo "2179"]

1.e4 c5 2.Nf3 d6 3.Bb5+ Nc6 4.c3 a6 5.Bxc6+ bxc6 6.O-O Bg4 7.h3 Bh5 8.Re1 e6
9.d4 Bxf3 10.Qxf3 cxd4 11.cxd4 d5 12.Nc3 Nf6 13.Bg5 Be7 14.Bxf6 gxf6 15.Qg4 Kf8
16.Qh5 h6 17.Rad1 Rb8 18.b3 Rb4 19.Qe2 a5 20.Na4 dxe4 21.Qxe4 Qd5 22.Qe3 f5
23.Nc3 Qd8 24.Ne2 Bf6 25.Rd3 a4 26.Qd2 Qd6 27.bxa4 Rxa4 28.Rb1 Kg7 29.Rg3+ Kh7
30.Rb7 Rf8 31.Rd3 Rc4 32.Rc3 Rxc3 33.Qxc3 Kg7 34.Rb6 Rc8 35.a4 e5 36.dxe5 Bxe5
37.Qc2 Rd8  1-0

[Event "23rd North American Open 2013"]
[Site "Las Vegas USA"]
[Date "2013.12.28"]
[Round "5.16"]
[White "Esserman,M"]
[Black "Preotu,Razvan"]
[Result "0-1"]
[WhiteElo "2447"]
[BlackElo "2330"]

1.e4 c5 2.Nf3 d6 3.Bb5+ Nd7 4.d4 cxd4 5.Qxd4 a6 6.Bxd7+ Bxd7 7.O-O e5 8.Qd3 h6
9.c4 b5 10.Nc3 bxc4 11.Qxc4 Nf6 12.Be3 Be7 13.Rfd1 O-O 14.h3 Qb8 15.b3 Rc8
16.Qd3 Qb4 17.Bd2 Qb7 18.Nh4 Be6 19.Rac1 Rd8 20.Qf3 Nxe4 21.Nxe4 Bd5 22.Bxh6 Bxe4
23.Qg4 Bf6 24.Rc3 d5 25.Rg3 Qd7 26.Qh5 g6 27.Bd2 Bg7 28.Qe2 Qb5 29.Qe1 Rac8
30.Rc1 Rxc1 31.Qxc1 d4 32.f3 Bb7 33.Nf5 Qd7 34.Nxg7 Kxg7 35.Bh6+ Kg8 36.Rg4 Rc8
37.Qe1 Qe6 38.h4 Kh7 39.Bg5 e4 40.h5 Kg8 41.hxg6 fxg6 42.Rf4 Qd5 43.Qh4 exf3
44.Qh6 Qe6 45.Rf6 Qe1+ 46.Kh2 Qe5+  0-1

[Event "89th Hastings Masters 2013-14"]
[Site "Hastings ENG"]
[Date "2013.12.29"]
[Round "2.8"]
[White "Haria,R"]
[Black "Sarkar,J"]
[Result "1-0"]
[WhiteElo "2160"]
[BlackElo "2425"]

1.e4 c5 2.Nf3 d6 3.Bb5+ Nd7 4.d4 cxd4 5.Qxd4 a6 6.Bxd7+ Bxd7 7.c4 b5 8.Nc3 bxc4
9.Qxc4 e6 10.Bg5 Qb6 11.O-O Ne7 12.Rad1 Ng6 13.Rfe1 h6 14.Be3 Qxb2 15.Rb1 Qa3
16.Qc7 Rc8 17.Rb8 Rxb8 18.Qxb8+ Ke7 19.Bb6 Kf6 20.Qd8+ Be7 21.Qxd7 Ne5 22.Nd5+  1-0

[Event "Cracovia Open A 2013-14"]
[Site "Krakow POL"]
[Date "2013.12.29"]
[Round "4.4"]
[White "Warakomski,T"]
[Black "Janczarski,M"]
[Result "1/2-1/2"]
[WhiteElo "2499"]
[BlackElo "2385"]

1.e4 c5 2.Nf3 d6 3.Bb5+ Bd7 4.Bxd7+ Qxd7 5.c4 Nf6 6.Nc3 Nc6 7.d4 cxd4 8.Nxd4 g6
9.f3 Bg7 10.Be3 O-O 11.Qd2 a6 12.O-O b5 13.Nxc6 Qxc6 14.cxb5 axb5 15.a3 Qb7
16.Na2 Nd7 17.Bd4 Bxd4+ 18.Qxd4 Rfc8 19.Nb4 Qb6 20.Rad1 Rc4 21.Qxb6 Nxb6
22.Kf2 Rac8 23.Rfe1 f6 24.Rd3 Kf7 25.Re2 Rc1 26.Rb3 Na4 27.Nd3 Rd1 28.Ke3 Nb6
29.Re1 Nc4+ 30.Kf2 Na5 31.Rxb5 Rxd3 32.Rxa5 Rc2+ 33.Re2 Rdd2 34.Rxd2 Rxd2+
35.Kg3  1/2-1/2

[Event "Cracovia Open A 2013-14"]
[Site "Krakow POL"]
[Date "2013.12.29"]
[Round "4.10"]
[White "Kulon,K"]
[Black "Matuszewski,Mi"]
[Result "0-1"]
[WhiteElo "2309"]
[BlackElo "2408"]

1.e4 c5 2.Nf3 d6 3.Bb5+ Bd7 4.Bxd7+ Qxd7 5.O-O Nc6 6.c3 Nf6 7.d4 cxd4 8.cxd4 d5
9.e5 Ne4 10.Ne1 f6 11.f3 Ng5 12.f4 Nf7 13.Nd3 e6 14.exf6 gxf6 15.Be3 Nh6
16.Nc5 Bxc5 17.dxc5 O-O-O 18.Kh1 Nf5 19.Bg1 h5 20.g3 Rdg8 21.Nd2 e5 22.b4 e4
23.b5 Ncd4 24.c6 Nxg3+ 25.hxg3 Qh3+ 26.Bh2 e3 27.cxb7+ Kxb7 28.Qa4 Nf5 29.Rg1 h4
30.Qa6+ Kb8 31.Nf3 hxg3 32.Rg2 gxh2 33.Ng5 Rxg5 34.fxg5 Qf3  0-1

[Event "12th Nantes Open"]
[Site "Nantes FRA"]
[Date "2013.12.29"]
[Round "5.2"]
[White "Lagarde,Max"]
[Black "Stets,D"]
[Result "1/2-1/2"]
[WhiteElo "2511"]
[BlackElo "2410"]

1.e4 c5 2.Nf3 d6 3.Bb5+ Nd7 4.c3 Nf6 5.Qe2 a6 6.Ba4 e6 7.O-O Be7 8.Bc2 b5
9.a4 Bb7 10.Re1 Rb8 11.axb5 axb5 12.d4 Qc7 13.Nbd2 O-O 14.e5 Nd5 15.Qd3 g6
16.exd6 Bxd6 17.Ne4 c4 18.Qe2 Bf4 19.g3 Bxc1 20.Raxc1 N5f6 21.Qd2 Kg7  1/2-1/2

[Event "Rilton Cup 2013-14"]
[Site "Stockholm SWE"]
[Date "2013.12.29"]
[Round "3.27"]
[White "Marzano,C"]
[Black "Lissang,C"]
[Result "0-1"]
[WhiteElo "2166"]
[BlackElo "2240"]

1.e4 c5 2.Nf3 d6 3.Bb5+ Nc6 4.O-O Bd7 5.Re1 a6 6.Bxc6 Bxc6 7.c3 Nf6 8.d4 Bxe4
9.Bg5 d5 10.c4 Bxb1 11.Rxb1 dxc4 12.Qe2 cxd4 13.Qxc4 Rc8 14.Qb3 Qd5 15.Qa4+ Qd7
16.Qb3 e6 17.Rbd1 Bc5 18.Ne5 Qd5 19.Qa4+ Ke7 20.b4 Bb6 21.Qa3 h6 22.Bc1 Rc3
23.Qb2 Rhc8 24.Qd2 Rc2 25.Qf4 Rxa2 26.Qg3 Bc7 27.Ng6+ fxg6 28.Qxg6 Rg8 29.Rxd4 Qxd4
30.Be3 Qd5 31.Bc5+ Bd6 32.Qb1 Bxc5 33.bxc5 Rd2  0-1

[Event "51st Groningen Open A 2013"]
[Site "Groningen NED"]
[Date "2013.12.30"]
[Round "9.10"]
[White "Pruijssers,R"]
[Black "L'Ami,Alina"]
[Result "0-1"]
[WhiteElo "2539"]
[BlackElo "2390"]

1.e4 c5 2.Nf3 d6 3.Bb5+ Bd7 4.Bxd7+ Qxd7 5.c4 Nf6 6.Nc3 g6 7.d4 cxd4 8.Nxd4 Bg7
9.Be3 Ng4 10.Bg5 h6 11.Bh4 Nc6 12.Nde2 O-O 13.O-O Rac8 14.Rc1 Qd8 15.b3 a6
16.a4 Re8 17.h3 Nf6 18.f3 Nd7 19.Bf2 Nc5 20.Rb1 a5 21.Qd2 Nb4 22.Be3 Kh7
23.h4 e6 24.h5 gxh5 25.Nb5 Be5 26.Qd1 Rg8 27.f4 Qh4 28.Rf3 Nxe4 29.Qf1 Bf6
30.Rd1 d5 31.Bd2 Rg7 32.Be1 Qg4 33.f5 Rcg8 34.g3 Be5 35.Nbc3 Nc2 36.Rdd3 Ng5
37.Bd2 Nxf3+ 38.Rxf3 Nd4 39.Re3 Nxf5  0-1

[Event "89th Hastings Masters 2013-14"]
[Site "Hastings ENG"]
[Date "2013.12.30"]
[Round "3.29"]
[White "Oyama,Akito"]
[Black "Eames,R"]
[Result "0-1"]
[WhiteElo "1998"]
[BlackElo "2195"]

1.e4 c5 2.Nf3 d6 3.Bb5+ Bd7 4.Bxd7+ Qxd7 5.c4 Nc6 6.Nc3 g6 7.d4 cxd4 8.Nxd4 Bg7
9.Be3 Nf6 10.f3 O-O 11.O-O a6 12.a4 Rac8 13.b3 e6 14.Rc1 Qd8 15.Qd2 Nd7 16.Nxc6 Rxc6
17.Rfd1 Qa5 18.Ne2 Qxd2 19.Rxd2 Nc5 20.Bxc5 dxc5 21.Rcd1 Rb6 22.Rd3 f5 23.a5 Rb4
24.exf5 gxf5 25.Nc1 b5 26.Rd6 bxc4 27.bxc4 Bd4+ 28.Kf1 e5 29.Rxa6 Rxc4 30.Ne2 Ra4
31.Rb1 Rc8 32.Ra7 Be3 33.Nc3 Rb4 34.Rxb4 cxb4 35.Nd5 Rc1+  0-1

[Event "15th Czech Christmas"]
[Site "Litomysl CZE"]
[Date "2013.12.30"]
[Round "6.3"]
[White "Cerveny,P"]
[Black "Cerveny,M"]
[Result "1/2-1/2"]
[WhiteElo "2292"]
[BlackElo "2334"]

1.e4 c5 2.Nf3 d6 3.Bb5+ Bd7 4.Bxd7+ Qxd7 5.c4 Nf6 6.Nc3 g6 7.d4 cxd4 8.Nxd4 Bg7
9.f3 Nc6 10.Be3 O-O 11.O-O Rfc8 12.b3 Qd8 13.Rb1 a6 14.Qd2 Nd7 15.Rfd1 Qa5
16.a4 Nxd4 17.Bxd4 Bxd4+ 18.Qxd4 Qc5 19.Qxc5 Rxc5 20.Rd2 Kf8 21.Kf2 Rc6 22.Ke3 e6
23.Kd3 Rac8 24.Kc2 Ke7 25.Rbd1 g5 26.Kb2 Ne5 27.Ne2 h5 28.Nd4 Rc5 29.Nc2 b5
30.cxb5 axb5 31.a5 b4 32.a6 Nd3+ 33.Kb1 Rc3 34.Rxd3 Rxc2 35.Rxd6 R2c3 36.R6d3 R3c6
37.Rd7+ Kf6 38.a7 Ra6 39.Rb7 Rc3 40.Kb2 Re3 41.Rd2 h4 42.h3 Ke5 43.Rd8 Re2+
44.Kb1 Re1+ 45.Kb2 Re2+ 46.Kb1 Re1+ 47.Kb2 Re2+ 48.Kb1 Re1+  1/2-1/2

[Event "Cracovia Open A 2013-14"]
[Site "Krakow POL"]
[Date "2013.12.31"]
[Round "6.15"]
[White "Yarmysty,M"]
[Black "Mucha,R"]
[Result "1-0"]
[WhiteElo "2265"]
[BlackElo "2179"]

1.e4 c5 2.Nf3 d6 3.Bb5+ Nc6 4.O-O a6 5.Bxc6+ bxc6 6.c3 Bg4 7.d4 cxd4 8.cxd4 e6
9.Nc3 Nf6 10.Qa4 Qd7 11.Nd2 d5 12.e5 Ng8 13.Nb3 Bf5 14.Qa5 Bd3 15.Re1 Qa7
16.Na4 Rb8 17.Nbc5 Bb5 18.b3 Ne7 19.Be3 Nf5 20.Rac1 Be7 21.Nb2 Bd8 22.Qc3 a5
23.g4 Nh4 24.Bd2 h5 25.h3 Ba6 26.Qg3 Bc8 27.Nbd3 hxg4 28.hxg4 g5 29.f3 Qe7
30.Nf2 Bc7 31.Nfe4 dxe4 32.Nxe4 Rg8 33.Bxg5 Nxf3+ 34.Qxf3 Rxg5 35.Nf6+ Kd8
36.Qh3 Qf8 37.Qh4 Rg6 38.Rxc6 Bb7 39.Nd5+ f6 40.Nxc7 Qg8 41.Rd6+ Kc8 42.Nxe6 Rxg4+
43.Kf2 Rg2+ 44.Ke3 Rg3+ 45.Kd2 Rg2+ 46.Kc1  1-0

[Event "15th Czech Christmas"]
[Site "Litomysl CZE"]
[Date "2013.12.31"]
[Round "7.5"]
[White "Krupa,M"]
[Black "Golubka,P"]
[Result "0-1"]
[WhiteElo "2251"]
[BlackElo "2385"]

1.e4 c5 2.Nf3 d6 3.Bb5+ Nd7 4.d4 cxd4 5.Qxd4 e5 6.Qd3 a6 7.Bxd7+ Bxd7 8.c4 h6
9.Nc3 Nf6 10.O-O Be7 11.Rd1 Rc8 12.b3 O-O 13.Nd2 b5 14.cxb5 Qc7 15.Bb2 axb5
16.Nxb5 Qc2 17.Qxc2 Rxc2 18.Na3 Rxb2 19.Ndc4 Re2 20.f3 d5 21.exd5 Bc5+ 22.Kh1 e4
23.b4 Bxb4 24.Rab1 Bxa3 25.Nxa3 Rxa2 26.Nc4 exf3 27.gxf3 Re8 28.Rb2 Rxb2
29.Nxb2 Re5 30.d6 Bc6 31.Kg1 Rd5  0-1

[Event "Rilton Cup 2013-14"]
[Site "Stockholm SWE"]
[Date "2014.01.01"]
[Round "5.15"]
[White "Krantz,C"]
[Black "Eggleston,D"]
[Result "0-1"]
[WhiteElo "2233"]
[BlackElo "2434"]

1.e4 c5 2.Nf3 d6 3.Bb5+ Nd7 4.d4 cxd4 5.Qxd4 a6 6.Bxd7+ Bxd7 7.c4 Rc8 8.O-O Qc7
9.b3 b5 10.Na3 e5 11.Qd3 Qb7 12.Re1 Nf6 13.Bg5 d5 14.exd5 Bxa3 15.Nxe5 O-O
16.Bxf6 gxf6 17.Qg3+ Kh8 18.Qf4 Be7 19.Nxd7 Qxd7 20.Rad1 Qd6 21.Qd4 Rg8 22.Re4 Rg7
23.Rde1 Rcg8 24.g3 Bf8 25.cxb5 axb5 26.Rc1 Rg5 27.Rd1 Bg7 28.Qb4 Qd7 29.Red4 f5
30.R4d3 Rg4 31.f4 Be5 32.d6 Rxf4 33.Qc5 Re4 34.Rd5 f6 35.Qxb5 Qg7 36.Kg2 Bxg3
37.hxg3 Qxg3+ 38.Kh1 Rh4+  0-1

[Event "89th Hastings Masters 2013-14"]
[Site "Hastings ENG"]
[Date "2014.01.02"]
[Round "6.39"]
[White "Roggensack,Hans Peter"]
[Black "Dennis,N"]
[Result "1/2-1/2"]
[WhiteElo "1972"]
[BlackElo "1848"]

1.e4 c5 2.Nf3 d6 3.Bb5+ Bd7 4.Bxd7+ Qxd7 5.c4 Nc6 6.d4 cxd4 7.Nxd4 Nf6 8.Nc3 e6
9.O-O Be7 10.Re1 O-O 11.b3 a6 12.Bb2 Nxd4 13.Qxd4 b5 14.Rad1 Qc6 15.cxb5 axb5
16.a4 bxa4 17.bxa4 Rfb8 18.Nb5 Bf8 19.Ba3 d5 20.Bxf8 Kxf8 21.exd5 Nxd5 22.Ra1  1/2-1/2

[Event "25th Roquetas de Mar Open"]
[Site "Roquetas de Mar ESP"]
[Date "2014.01.02"]
[Round "1.2"]
[White "Puertas Martin,S"]
[Black "Ibarra Jerez,JC"]
[Result "0-1"]
[WhiteElo "2114"]
[BlackElo "2510"]

1.e4 c5 2.Nf3 d6 3.Bb5+ Nc6 4.c4 e5 5.Nc3 g6 6.d3 Bg7 7.O-O Ne7 8.Ne1 O-O
9.Bxc6 Nxc6 10.Nc2 a6 11.Rb1 f5 12.f3 f4 13.Qe1 h5 14.a3 g5 15.Kf2 b5 16.Nd5 g4
17.Ke2 Rb8 18.b3 bxc4 19.dxc4 a5 20.a4 Be6 21.Bd2 Rf7 22.Na3 Nd4+ 23.Kd3 Nxb3
24.Nb5 Nxd2 25.Kxd2 Bf8 26.Rb3 Rg7 27.Rg1 Qg5 28.Rb1 Rbb7 29.Kd3 Qd8 30.Qf2 g3
31.hxg3 Rxg3 32.Rh1 h4 33.Rh2 Qg5 34.Rbh1 Rh7 35.Kc2 h3 36.gxh3 Rhxh3 37.Rxh3 Bxh3
38.Rh2 Kg7 39.Nbc3 Qh5 40.Ne2 Rxf3 41.Qg1+ Kf7 42.Qb1 Qg4 43.Qb7+ Qd7 44.Qxd7+ Bxd7
45.Nec3 Rh3 46.Rf2 Be7 47.Nb6 Be6 48.Nbd5 Bd7 49.Nxf4 exf4 50.Rxf4+ Ke6 51.Rg4 Bf6
52.Nd5 Bxa4+ 53.Kd2 Rh2+ 54.Ke3 Bd4+ 55.Kf4 Be5+ 56.Ke3 Bb3 57.Rg8 Bxc4 58.Re8+ Kf7
59.Ra8 Rh3+ 60.Kd2 Bxd5 61.exd5 c4  0-1

[Event "Bay Area International 2014"]
[Site "Santa Clara USA"]
[Date "2014.01.02"]
[Round "1.29"]
[White "Iyengar,Udit"]
[Black "Wang Jue"]
[Result "0-1"]
[WhiteElo "2031"]
[BlackElo "2396"]

1.e4 c5 2.Nf3 d6 3.Bb5+ Nd7 4.O-O a6 5.Bd3 Ngf6 6.c3 b5 7.Re1 Bb7 8.Bc2 e5
9.d4 Be7 10.d5 Qc7 11.Nbd2 c4 12.Nf1 O-O 13.Ng3 g6 14.h3 Rfb8 15.Be3 a5 16.Rc1 Nc5
17.a3 Bc8 18.Nd2 Nfd7 19.f4 exf4 20.Bxf4 Ne5 21.Bxe5 dxe5 22.Qf3 Bg5 23.Rcd1 Ra6
24.Rf1 Rf6 25.Qe2 Bf4 26.Rf3 h5 27.Ngf1 Rbb6 28.Ne3 a4 29.Kh1 Rbd6 30.Rdf1 Kg7
31.Rg1 Qd8 32.Ndf1 Qh8 33.Nh2 Qh6 34.Re1 Qg5 35.Qf2 h4 36.Neg4 Bxg4 37.Nxg4 Bg3
38.Qxc5 Bxe1 39.Nxf6 Rxf6 40.Rxf6 Qxf6 41.Qg1 Qf2 42.Bd1 Qd2 43.Bg4 Bf2 44.Qb1 Be1
45.Qd1 Qxd1 46.Bxd1 f5 47.Bf3 Bd2 48.d6 Kf6 49.exf5 gxf5 50.Bc6 Bc1 51.Bxb5 Bxb2
52.Bxc4 Bxa3 53.d7 Be7 54.Kg1 Bc5+ 55.Kf1 Ke7 56.Ke2 a3 57.Kf3 Kxd7 58.Ba2 Ke7
59.Bb3 Kf6 60.Ba2 Kg5 61.Bb3 e4+ 62.Ke2 Kf4 63.Ba2 Kg3 64.Kf1 f4 65.Bd5 f3
66.gxf3 exf3 67.Be6 f2 68.Bd5 Kxh3 69.Be6+ Kg3 70.Bd5 h3 71.Ke2 h2  0-1

[Event "26th Staufer-Open A 2014"]
[Site "Schwaebisch Gmuend GER"]
[Date "2014.01.02"]
[Round "2.24"]
[White "Schulze,A"]
[Black "Hacker,Jonas"]
[Result "1/2-1/2"]
[WhiteElo "2256"]
[BlackElo "2090"]

1.e4 c5 2.Nf3 d6 3.Bb5+ Bd7 4.Bxd7+ Qxd7 5.O-O Nc6 6.c3 Nf6 7.Re1 e6 8.d4 cxd4
9.cxd4 d5 10.e5 Ne4 11.Nbd2 Nxd2 12.Bxd2 Be7 13.Bc3 O-O 14.Qd3 Rfc8 15.Re3 Rc7
16.Nd2 Bb4 17.Rh3 h6 18.g4 Bxc3 19.bxc3 Ne7 20.Nb3 Rac8 21.Qd2 b6 22.Nc1 a5
23.f4 Rc4 24.Rb1 Qc6 25.Ne2 b5 26.a3 b4 27.axb4 axb4 28.Rxb4 Rxb4 29.cxb4 Qb6
30.Rd3 Rc4 31.Qe3 Rxb4 32.Kf2 Kh8 33.Qc1 Nc6 34.Qe3 Ne7 35.Qc1 Nc6 36.Qe3  1/2-1/2

[Event "19th Bosnjaci Open 2014"]
[Site "Bosnjaci CRO"]
[Date "2014.01.03"]
[Round "4.3"]
[White "Jakic,I"]
[Black "Fercec,N"]
[Result "1/2-1/2"]
[WhiteElo "2404"]
[BlackElo "2473"]

1.e4 c5 2.Nf3 d6 3.Bb5+ Nc6 4.O-O Bd7 5.Re1 Nf6 6.c3 a6 7.Ba4 b5 8.Bc2 e5
9.a4 b4 10.h3 a5 11.d4 Qc7 12.Nbd2 Be7 13.Nf1 O-O 14.Ne3 Bd8 15.Nd5 Qa7 16.dxc5 dxc5
17.Be3 Rc8 18.Qe2 Be6 19.Rad1 h6 20.Qb5 Nd7 21.Rd2 Qa8 22.Red1 Rb8 23.Qc4 Rc8
24.Qb5 Rb8 25.Qc4 Rc8 26.Qb5  1/2-1/2

[Event "Cracovia Open A 2013-14"]
[Site "Krakow POL"]
[Date "2014.01.03"]
[Round "8.1"]
[White "Bernadskiy,V"]
[Black "Matuszewski,Mi"]
[Result "1/2-1/2"]
[WhiteElo "2561"]
[BlackElo "2408"]

1.e4 c5 2.Nf3 d6 3.Bb5+ Bd7 4.Bxd7+ Qxd7 5.O-O Nc6 6.c3 e6 7.d4 d5 8.exd5 Qxd5
9.Qa4 Nf6 10.c4 Qd7 11.dxc5 Bxc5 12.Nc3 O-O 13.Bg5 Qc7 14.Rac1 Ng4 15.Bh4 f5
16.h3 Nge5 17.Nxe5 Nxe5 18.Nb5 Qc6 19.b4 Ng6 20.Bg5 h6 21.Nc3 Qxa4 22.Nxa4 Bxb4
23.Be3 Rfc8 24.c5 b5 25.Rb1 bxa4 26.Rxb4 f4 27.Bxf4 Nxf4 28.Rxf4 Rxc5 29.Rxa4 a5
30.Re1 Ra6 31.Rb1 Ra7 32.Rb8+ Kf7 33.Rf4+ Kg6 34.a4 Rd7 35.Rb6 Re5 36.Ra6 h5
37.g3 Rf7 38.Kg2 Rff5 39.Kf3 Kf6 40.Rxf5+ Kxf5 41.Ra8 g5 42.Rf8+ Kg6 43.Rg8+  1/2-1/2

[Event "Bay Area International 2014"]
[Site "Santa Clara USA"]
[Date "2014.01.03"]
[Round "2.29"]
[White "Ni,Shiqun"]
[Black "Cao,Jason"]
[Result "1-0"]
[WhiteElo "2299"]
[BlackElo "2151"]

1.e4 c5 2.Nf3 d6 3.Bb5+ Nd7 4.O-O a6 5.Bd3 b5 6.a4 b4 7.Bc4 Ngf6 8.d4 cxd4
9.Qxd4 e5 10.Qd1 Be7 11.c3 bxc3 12.Nxc3 O-O 13.a5 Bb7 14.Ng5 Rb8 15.f3 h6
16.Nh3 Qc7 17.Qe2 Nc5 18.Be3 Ra8 19.Rfc1 Qd8 20.b4 Ncd7 21.Qd2 Rc8 22.Na4 Rc6
23.Nf2 Qa8 24.Nd3 Rcc8 25.Nb6 Nxb6 26.axb6 d5 27.exd5 Bxd5 28.Rxa6 Qb8 29.Bc5 Rfe8
30.Bb5 Bc6 31.Bxc6 Rxc6 32.Ra7 Bd8 33.Qa2 Rce6 34.b7 e4 35.fxe4 Ng4 36.e5 Bc7
37.Rf1 Rd8 38.Qc4 Nxe5 39.Nxe5 Bxe5 40.Ra8 Qc7 41.Rxd8+ Qxd8 42.Ba7 Bb8 43.Bxb8 Qxb8
44.Qc8+ Re8 45.Rc1 Kh7 46.Qxb8 Rxb8 47.Rc7 Kg6 48.Kf2 Kf6 49.Ke3 Ke6 50.Kd4 g5
51.Kc5  1-0

[Event "Rilton Cup 2013-14"]
[Site "Stockholm SWE"]
[Date "2014.01.03"]
[Round "7.19"]
[White "Soderberg,P"]
[Black "Krupenski,Y"]
[Result "1-0"]
[WhiteElo "2183"]
[BlackElo "2300"]

1.e4 c5 2.Nf3 d6 3.Bb5+ Nd7 4.O-O Nf6 5.Re1 a6 6.Bf1 b6 7.d4 cxd4 8.Qxd4 e5
9.Qd1 Bb7 10.Nc3 h6 11.Nd5 Nxd5 12.exd5 Be7 13.a4 O-O 14.c4 a5 15.b4 axb4
16.Bd2 Nc5 17.Bxb4 Qc7 18.Re3 Ra7 19.Rea3 Rfa8 20.Nd2 Bc8 21.Nb1 Bd7 22.Nc3 Na6
23.Qb3 Nxb4 24.Qxb4 Ra5 25.Rb1 R8a6 26.Bd3 g6 27.h3 Kg7 28.Nb5 Qc5 29.Bc2 Ra8
30.Qxc5 bxc5 31.Nc3 Bd8 32.Rb7 Bc8 33.Rb1 R5a6 34.Rab3 Bc7 35.Nb5 Bd8 36.Nc3 Bc7
37.Nb5 Ba5 38.Kh2 Bd7 39.g4 Kf6 40.Kg3 Bd2 41.R3b2 Rc8 42.Bd1 Bf4+ 43.Kg2 Ke7
44.Nc3 f5 45.Rb6 Ra5 46.Rb7 e4 47.R1b6 Rca8 48.Nb5 R8a6 49.Rc6 Kd8 50.Rcc7 Bc8
51.Rb8 Rxb5 52.Rbxc8+  1-0

[Event "Basel Master Open 2014"]
[Site "Basel SUI"]
[Date "2014.01.04"]
[Round "6.1"]
[White "Van Kampen,R"]
[Black "Wojtaszek,R"]
[Result "0-1"]
[WhiteElo "2602"]
[BlackElo "2711"]

1.e4 c5 2.Nf3 d6 3.Bb5+ Nd7 4.O-O a6 5.Bd3 Ngf6 6.Re1 b5 7.a4 b4 8.c3 Bb7
9.Bc2 Qc7 10.cxb4 cxb4 11.d4 Rc8 12.Bd3 Nxe4 13.Bf4 Nef6 14.Nbd2 Nd5 15.Bg3 e6
16.Ng5 N7f6 17.Qe2 Be7 18.Nb3 Qd8 19.Bxa6 Bxa6 20.Qxa6 O-O 21.Qd3 Qd7 22.a5 Ra8
23.f3 Ra7 24.Rec1 Rfa8 25.Qc2 Ra6 26.h3 h6 27.Ne4 Bd8 28.Ned2 Nh5 29.Bh2 Nhf4
30.Nc4 Rc6 31.Bxf4 Nxf4 32.Qe4 d5 33.Qxf4 dxc4 34.Nc5 Qd5 35.Qe4 Rxa5 36.Rxa5 Bxa5
37.Rxc4 Qxc4 38.Qxc6 Qxd4+ 39.Kf1 Qd1+ 40.Kf2 Kh7 41.b3 Bd8 42.Qe4+ f5  0-1

[Event "2nd Gurgaon Open 2014"]
[Site "Gurgaon IND"]
[Date "2014.01.04"]
[Round "6.3"]
[White "Prasanna,Ra"]
[Black "Narayanan,Sri"]
[Result "1/2-1/2"]
[WhiteElo "2399"]
[BlackElo "2414"]

1.e4 c5 2.Nf3 d6 3.Bb5+ Nd7 4.d4 cxd4 5.Qxd4 a6 6.Bxd7+ Bxd7 7.Nc3 Rc8 8.O-O e5
9.Qd3 h6 10.Be3 Nf6 11.Nd2 Be6 12.Nd5 Bxd5 13.exd5 Ng4 14.Qb3 Nxe3 15.fxe3 Qc7
16.Qa4+ Ke7 17.Qh4+ Ke8 18.Ne4 Qxc2 19.Qg4 Rc7 20.Rf2 Qd3 21.Qf3 Kd8 22.Rd1 Qb5
23.Qg4 Qb6 24.Qh3 f6  1/2-1/2

[Event "TCh-NED Meesterklasse 2013-14"]
[Site "Netherland NED"]
[Date "2014.01.04"]
[Round "4.7"]
[White "Martens,M"]
[Black "Zwirs,Nico"]
[Result "1-0"]
[WhiteElo "2424"]
[BlackElo "2255"]

1.e4 c5 2.Nf3 d6 3.Bb5+ Nc6 4.O-O Bd7 5.Re1 a6 6.Bf1 Bg4 7.h3 Bxf3 8.Qxf3 g6
9.c3 Bg7 10.d3 Nf6 11.Be3 Nd7 12.Nd2 O-O 13.Qd1 b5 14.Nf3 Qa5 15.a3 Rfc8
16.d4 Qc7 17.Bd3 Qb7 18.Rb1 Na5 19.Qe2 e6 20.Red1 Nc6 21.Bc2 a5 22.d5 exd5
23.Rxd5 Nce5 24.Rxd6 Nc4 25.Rd5 Nf6 26.Rxc5 Nxe4 27.Rxc8+ Rxc8 28.Bd4 Nf6
29.Bd3 Re8 30.Qf1 Qd5 31.a4 Ne4 32.Bxg7 Kxg7 33.axb5 Ncd2 34.Bxe4 Nxe4 35.c4 Qc5
36.b3 h5 37.h4 f6 38.Qe1 Nd6 39.Qd2 Re4 40.Rd1 Nf5 41.Qd5 Qxd5 42.Rxd5 a4
43.bxa4 Rxc4 44.a5 Rc1+ 45.Kh2 Rf1 46.b6 Rxf2 47.Rd2 Rf1 48.b7 Rb1 49.a6 g5
50.hxg5 fxg5 51.Nxg5 h4 52.Nf3 Ng3 53.Rd7+ Kf6 54.Nxh4  1-0

[Event "TCh-NED Meesterklasse 2013-14"]
[Site "Netherland NED"]
[Date "2014.01.04"]
[Round "4.6"]
[White "Erwich,Frank"]
[Black "Van der Stricht,G"]
[Result "0-1"]
[WhiteElo "2337"]
[BlackElo "2371"]

1.e4 c5 2.Nf3 d6 3.Bb5+ Bd7 4.Bxd7+ Qxd7 5.c4 Nc6 6.Nc3 e6 7.d4 cxd4 8.Nxd4 Nf6
9.O-O Be7 10.Be3 O-O 11.Qe2 Rfe8 12.Rad1 a6 13.f4 Qc7 14.Nxc6 bxc6 15.Qf3 Rab8
16.Rf2 Nd7 17.Rfd2 Qa5 18.Bf2 Nf8 19.Kh1 Ng6 20.Bg3 Rbc8 21.b3 Bf8 22.Na4 f5
23.Re2 fxe4 24.Qxe4 Qh5 25.Rde1 d5 26.Qc2 Bb4 27.Rf1 Qf5 28.Nb6 d4 29.Rd1 Rcd8
30.Qxf5 exf5 31.Rxe8+ Rxe8 32.Nd7 c5 33.h4 Re2 34.h5 Nf8 35.Ne5 Rxa2 36.h6 gxh6
37.Nc6 a5 38.Ne7+ Kf7 39.Nxf5 Rb2 40.Rd3 Bc3 41.Nd6+ Ke7 42.Ne4 Rxb3 43.f5 Nd7
44.Bd6+ Kf7 45.Rh3 Nf6 46.Nxc5 Rb1+ 47.Kh2 Rf1 48.g3 Bb4 49.Nb7 Ng4+ 50.Kg2 Ne3+
51.Kh2 Rxf5 52.g4 Rf2+ 53.Kg3 Be1 54.Rh1 Rf1+ 55.Kh2 Nxg4+ 56.Kg2 Ne3+ 57.Kh2 Rxh1+
58.Kxh1 Nxc4 59.Kg2 d3  0-1

[Event "Rilton Cup 2013-14"]
[Site "Stockholm SWE"]
[Date "2014.01.04"]
[Round "8.20"]
[White "Zadruzny,N"]
[Black "Sagit,R"]
[Result "0-1"]
[WhiteElo "2251"]
[BlackElo "2369"]

1.e4 c5 2.Nf3 d6 3.Bb5+ Nd7 4.d4 cxd4 5.Qxd4 a6 6.Bxd7+ Bxd7 7.c4 b5 8.Nc3 e5
9.Qd3 bxc4 10.Qxc4 Qc8 11.Qd3 h6 12.O-O Nf6 13.b3 Be6 14.Rd1 Be7 15.Ba3 Qb7
16.Nd2 O-O 17.Nf1 Rac8 18.Ne3 Rfd8 19.Rac1 Bf8 20.h3 Be7 21.Ncd5 Nxd5 22.Nxd5 Bf8
23.Rc4 Rxc4 24.Qxc4 Rc8 25.Qb4 Qxb4 26.Bxb4 Rc2 27.Rd2 Rc6 28.f3 f6 29.Kf2 Kf7
30.Ke2 Bxd5 31.Rxd5 Ke6 32.Kd2 Be7 33.a4 f5 34.Ba3 Bd8 35.b4 Bc7 36.Rd3 fxe4
37.fxe4 Rc4 38.Rc3 Rd4+ 39.Ke3 Kd7 40.Rd3 Rc4 41.Kf3 a5 42.Rb3 Bb6 43.bxa5 Bxa5
44.Rb7+ Kc6 45.Rb3 Rxa4 46.Bc1 Rc4 47.Be3 Bc7 48.Rd3 Kd7 49.Ra3 d5 50.exd5 Kd6
51.Ra6+ Kxd5 52.Rg6 e4+ 53.Kg4 Be5 54.Ra6 Bc3 55.Kf5 Rc8 56.Ra7 Rf8+ 57.Kg4 Rf1
58.Rd7+ Ke6 59.Rd8 Bf6 60.Ra8 Kd5 61.Ra5+ Kc4 62.Ra3 Bb2 63.Ra2 Bc3 64.Bf4 g5
65.Bd6 e3 66.Bg3 Kd3 67.Kh5 Rf6 68.h4 gxh4 69.Bxh4 Rc6 70.g4 e2 71.Ra3 Ke4
72.Ra8 Bd2 73.Re8+ Kd3 74.Re5 Ra6 75.Bg3 Ra1 76.Rd5+ Kc2 77.Re5 Rh1+ 78.Kg6 Kd1
79.Rh5 Rg1  0-1

[Event "19th Bosnjaci Open 2014"]
[Site "Bosnjaci CRO"]
[Date "2014.01.05"]
[Round "4.7"]
[White "Leventic,I"]
[Black "Zivkovic,Vj"]
[Result "1/2-1/2"]
[WhiteElo "2457"]
[BlackElo "2365"]

1.e4 c5 2.Nf3 d6 3.Bb5+ Bd7 4.c4 Nf6 5.Nc3 g6 6.d4 cxd4 7.Nxd4 Bg7 8.O-O O-O
9.Re1 a6 10.Bxd7 Nfxd7 11.b3 Nc6 12.Be3 Re8 13.Qd2 Qa5 14.Rad1 Rac8 15.Nce2  1/2-1/2